|
|
|
|
| LEADER |
01835nam a2200313 a 4500 |
| 001 |
1792290 |
| 008 |
090521r19981979maua b 001 0 eng d |
| 010 |
|
|
|a 78018649
|
| 020 |
|
|
|a 8185015791
|
| 040 |
|
|
|a DLC
|c DLC
|d DLC
|
| 082 |
0 |
0 |
|a 530.1/41
|2 19
|
| 100 |
1 |
|
|a Reitz, John R.
|
| 245 |
1 |
0 |
|a Foundations of electromagnetic theory /
|c John R. Reitz, Frederick J. Milford, Robert W. Christy.
|
| 250 |
|
|
|a 3d ed.
|
| 260 |
|
|
|a Reading, Mass. :
|b Addison-Wesley;
|a New Delhi:
|b Narosa Publishing House,
|c c1979.[Reprinted 1998]
|
| 300 |
|
|
|a x, 534 p. :
|b ill. ;
|c 25 cm.
|
| 490 |
1 |
|
|a Addison-Wesley series in physics
|
| 504 |
|
|
|a Includes bibliographical references and index.
|
| 541 |
1 |
|
|e 00016186
|
| 650 |
|
0 |
|a Electromagnetic theory.
|
| 700 |
1 |
|
|a Milford, Frederick J.,
|e joint author.
|
| 700 |
1 |
|
|a Christy, Robert W.,
|e joint author.
|
| 852 |
4 |
|
|a Ayesha Abed Library
|j General Shelf.
|
| 999 |
|
|
|c 8443
|d 8443
|
| 952 |
|
|
|0 0
|1 0
|2 ddc
|4 0
|6 530_141000000000000_REI_1998
|7 0
|9 9915
|a BRACUL
|b BRACUL
|c GEN
|d 2010-05-09
|l 3
|m 21
|o 530.141 REI
|p 3010016186
|r 2025-10-16
|s 2025-07-23
|t 1
|w 2010-05-09
|y BK
|
| 952 |
|
|
|0 0
|1 0
|2 ddc
|4 0
|6 530_141000000000000_REI_1998
|7 0
|9 12570
|a BRACUL
|b BRACUL
|c GEN
|d 2010-10-19
|l 3
|m 1
|o 530.141 REI
|p 3010016185
|r 2024-01-28
|s 2024-01-24
|t 2
|w 2010-10-19
|y BK
|
| 952 |
|
|
|0 0
|1 0
|2 ddc
|4 0
|6 530_141000000000000_REI_1998
|7 0
|9 12571
|a BRACUL
|b BRACUL
|c GEN
|d 2010-10-19
|l 2
|m 6
|o 530.141 REI
|p 3010016187
|r 2024-02-24
|s 2024-02-01
|t 3
|w 2010-10-19
|y BK
|
| 952 |
|
|
|0 0
|1 0
|2 ddc
|4 0
|6 530_141000000000000_REI
|7 0
|9 12572
|a BRACUL
|b BRACUL
|c GEN
|d 2010-10-19
|l 1
|m 6
|o 530.141 REI
|p 3010012822
|r 2014-05-21
|s 2014-04-02
|t 4
|w 2010-10-19
|y BK
|x Price not available in Register
|
| 952 |
|
|
|0 0
|1 0
|2 ddc
|4 0
|6 530_141000000000000_REI
|7 0
|9 12573
|a BRACUL
|b BRACUL
|c GEN
|d 2010-10-19
|l 1
|m 12
|o 530.141 REI
|p 3010012823
|r 2017-04-20
|s 2017-01-23
|t 5
|w 2010-10-19
|y BK
|x Price not available in Register
|